| 000 | 00848nam a22001697a 4500 | ||
|---|---|---|---|
| 008 | 100707s1996 xxu||||| |||| 00| 0 ara d | ||
| 082 |
_222 _a305.23 _bص ي ا |
||
| 100 | 1 |
_916029 _aصيام ، عماد |
|
| 245 |
_aتقرير واقع الطفل المصري في نهاية القرن العشرين / _cعماد صيام |
||
| 260 |
_aالقاهرة : _bمركز الدراسات والمعلومات القانونية لحقوق الإنسان ، _c1996. |
||
| 300 |
_a191 ص : _c20 سم. |
||
| 541 |
_aدكتور باسم ؛ _cإهداء ؛ |
||
| 650 |
_916030 _aتعليم الاطفال |
||
| 650 |
_914986 _aالأطفال _xرعاية |
||
| 942 |
_2ddc _cBB |
||
| 999 |
_c14427 _d14427 |
||